[Event "ISR-ch op"]
[Site "Ramat Aviv"]
[Date "1999.04.08"]
[Round "9"]
[White "Tsesarsky, Ilya"]
[Black "Krayz, Alexander"]
[Result "0-1"]
[WhiteElo "2430"]
[BlackElo "2382"]
[PlyCount "332"]
[EventDate "1999.03.28"]
[EventType "swiss"]
[EventRounds "9"]
[EventCountry "ISR"]
[SourceTitle "CBM 070"]
[Source "ChessBase"]
[SourceDate "1999.06.08"]
[SourceVersion "1"]
[SourceVersionDate "1999.06.08"]
[SourceQuality "1"]

1. Nf3 Nf6 2. c4 b6 3. Nc3 Bb7 4. Qc2 c5 5. e4 d6 6. d4 cxd4 7. Nxd4 e6 8. Be2 Be7 9. 0-0 Nbd7 10. Rd1 a6 11. Be3 Rc8 12. f3 0-0 13. Bf1 Qc7 14. Rac1 Rfe8 15. Qf2 Bf8 16. b4 Qb8 17. a3 Ba8 18. Nb3 Rc6 19. a4 Rec8 20. Bd4 R6c7 21. a5 bxa5 22. b5 a4 23. Na5 Nc5 24. bxa6 Qb4 25. Nb7 Bxb7 26. Rb1 Nb3 27. axb7 Rxb7 28. Nb5 Nd7 29. Kh1 Ra8 30. Qa2 Qa5 31. Bc3 Qa6 32. e5 dxe5 33. c5 Nbxc5 34. Nc7 Rxb1 35. Rxb1 Qc6 36. Nxa8 Qxa8 37. Bb5 e4 38. f4 e3 39. Qe2 Qe4 40. Rb4 Qd5 41. Be1 a3 42. Bc4 Qe4 43. Bb5 Qa8 44. Rb1 Nf6 45. Qxe3 Nd5 46. Qf3 a2 47. Ra1 Qb7 48. Qf1 Ne3 49. Qe2 Nxg2 50. Qxg2 Qxb5 51. Rxa2 Qb1 52. Re2 g6 53. Qg3 Nd3 54. Kg2 Qb7+ 55. Kh3 Qd5 56. Re3 Qf5+ 57. Kg2 Nxf4+ 58. Kh1 Bc5 59. Rf3 e5 60. Rf1 Qc2 61. Qf3 Qd3 62. Qxd3 Nxd3 63. Bc3 Bb4 64. Ba1 f5 65. Kg2 Kf7 66. Kf3 Ke6 67. Ke3 e4 68. Bg7 Kd5 69. Bh6 Bc3 70. h3 Bb2 71. Bf8 f4+ 72. Kd2 Ke6 73. Bh6 Kf5 74. Rg1 Bf6 75. Rb1 Nb2 76. Rc1 e3+ 77. Ke2 Ke4 78. Bxf4 Kxf4 79. Rf1+ Ke5 80. Kxe3 Nc4+ 81. Kd3 Nd6 82. Ke3 Ne4 83. Ra1 Kf5 84. Rf1+ Ke5 85. Ra1 Bd8 86. Kf3 Kf5 87. Ra4 Ng5+ 88. Kg2 Ne6 89. Kf3 Bc7 90. Rc4 Be5 91. Ra4 Nd4+ 92. Kg2 Kf4 93. Rb4 Kg5 94. Ra4 Nf5 95. Rg4+ Kh5 96. Ra4 Nh4+ 97. Kf2 Bf6 98. Kg3 Nf5+ 99. Kf3 Bh4 100. Re4 Bg3 101. Ra4 Bd6 102. Rc4 h6 103. Ra4 Nh4+ 104. Kf2 g5 105. Rc4 Bf4 106. Rc6 Be5 107. Ra6 Ng6 108. Kg2 Nf4+ 109. Kg3 Nd5+ 110. Kg2 Bf4 111. Rc6 Ne3+ 112. Kf3 Nf5 113. Rf6 Nd4+ 114. Kg2 Be5 115. Ra6 Ne2 116. Rc6 Nf4+ 117. Kg3 Nd5+ 118. Kf3 Bg7 119. Kg3 Bf6 120. Ra6 Kg6 121. Ra5 Ne7 122. Kf3 Nc6 123. Ra6 Ne5+ 124. Ke4 h5 125. Ra5 Nc4 126. Ra6 Nd2+ 127. Kd3 Nb1 128. Ra5 Nc3 129. Ke3 Nd1+ 130. Ke2 Nb2 131. Kf3 Nc4 132. Rb5 Be5 133. Rc5 Nd2+ 134. Ke2 Bf4 135. Rc6+ Kg7 136. Rc2 Ne4 137. Kf3 Nd2+ 138. Ke2 Nb3 139. Rc3 Nd4+ 140. Kd3 Nf5 141. Ke4 Nd6+ 142. Kd5 Kf6 143. Rc5 g4 144. hxg4 hxg4 145. Kd4 g3 146. Rc2 Kf5 147. Kd5 Kg4 148. Rg2 Kf3 149. Rxg3+ Bxg3 150. Kd4 Bf4 151. Kd5 Ke3 152. Kc5 Ke4 153. Kc6 Kd4 154. Kb6 Kd5 155. Kc7 Ne4+ 156. Kb6 Nc5 157. Ka7 Kc6 158. Ka8 Nd7 159. Ka7 Nb6 160. Ka6 Bb8 161. Ka5 Nd5 162. Ka4 Kc5 163. Kb3 Bg3 164. Kc2 Kd4 165. Kd2 Nf4 166. Kc2 Be1 0-1

[Event "ISR-ch op"]
[Site "Ramat Aviv"]
[Date "1999.??.??"]
[Round "8"]
[White "Avrukh, Boris"]
[Black "Tsesarsky, Ilya"]
[Result "1-0"]
[WhiteElo "2609"]
[BlackElo "2430"]
[PlyCount "69"]
[EventDate "1999.03.28"]
[EventType "swiss"]
[EventRounds "9"]
[EventCountry "ISR"]
[SourceTitle "CBM 070"]
[Source "ChessBase"]
[SourceDate "1999.06.08"]
[SourceVersion "1"]
[SourceVersionDate "1999.06.08"]
[SourceQuality "1"]

1. d4 Nf6 2. c4 e6 3. Nf3 b6 4. Nc3 Bb4 5. Qb3 a5 6. Bg5 h6 7. Bh4 Nc6 8. 0-0-0 Bxc3 9. Qxc3 Nb4 10. Kb1 g5 11. Nxg5 Nfd5 12. cxd5 hxg5 13. Bg3 Nxd5 14. Qc2 f5 15. e4 Nb4 16. Qxc7 f4 17. Bxf4 gxf4 18. Qxf4 Qh4 19. Qe3 Bb7 20. f3 Qh6 21. Qb3 0-0 22. a3 Nc6 23. d5 Ne5 24. Qxb6 Rab8 25. Qd4 Qg7 26. Be2 exd5 27. exd5 d6 28. f4 Qg6+ 29. Ka1 Nd7 30. Rd3 Nc5 31. Rh3 Bc8 32. Qh8+ Kf7 33. Rh7+ Ke8 34. Bh5 Qxh5 35. Re1+ 1-0

[Event "Dov Porath Memorial"]
[Site "Givataim"]
[Date "1998.06.01"]
[Round "5"]
[White "Manor, Ilan"]
[Black "Tsesarsky, Ilya"]
[Result "1-0"]
[WhiteElo "2530"]
[BlackElo "2425"]
[PlyCount "75"]
[EventDate "1998.05.10"]
[EventType "swiss"]
[EventRounds "7"]
[EventCountry "ISR"]
[SourceTitle "CBM 065"]
[Source "ChessBase"]
[SourceDate "1998.08.06"]
[SourceVersion "1"]
[SourceVersionDate "1998.08.06"]
[SourceQuality "1"]

1. e4 c5 2. Nf3 Nc6 3. d4 cxd4 4. Nxd4 Nf6 5. Nc3 e5 6. Ndb5 d6 7. Bg5 a6 8. Na3 b5 9. Bxf6 gxf6 10. Nd5 f5 11. c3 Bg7 12. exf5 Bxf5 13. Nc2 0-0 14. Nce3 Be6 15. Bd3 f5 16. Qh5 e4 17. Bc2 Ne7 18. Rd1 Nxd5 19. Nxd5 Ra7 20. 0-0 Be5 21. f4 exf3 22. Rxf3 f4 23. Bxh7+ Rxh7 24. Qg6+ Kh8 25. Qxe6 Qg5 26. Rdf1 Rg8 27. R1f2 Qh5 28. Ne7 Qxh2+ 29. Kf1 Rg5 30. Qc8+ Kg7 31. Qg8+ Kf6 32. Nd5+ Kf5 33. g4+ Ke4 34. Qe6 Qh1+ 35. Ke2 Qxf3+ 36. Rxf3 Rh2+ 37. Rf2 f3+ 38. Ke1 1-0

[Event "Givataim 30'"]
[Site "Givataim"]
[Date "1998.05.30"]
[Round "7"]
[White "Golod, Vitali"]
[Black "Tsesarsky, Ilya"]
[Result "0-1"]
[WhiteElo "2535"]
[BlackElo "2425"]
[PlyCount "114"]
[EventDate "1998.??.??"]
[EventType "rapid"]
[EventRounds "7"]
[EventCountry "ISR"]
[SourceTitle "CBM 065"]
[Source "ChessBase"]
[SourceDate "1998.08.06"]
[SourceVersion "1"]
[SourceVersionDate "1998.08.06"]
[SourceQuality "1"]

1. e4 c5 2. c3 Nf6 3. e5 Nd5 4. Nf3 Nc6 5. d4 cxd4 6. cxd4 d6 7. Bc4 Nb6 8. Bb5 dxe5 9. Nxe5 Bd7 10. Nc3 Nxe5 11. dxe5 Bxb5 12. Nxb5 Qxd1+ 13. Kxd1 Nd5 14. Ke2 a6 15. Rd1 0-0-0 16. Nd4 e6 17. Bg5 Rd7 18. Rac1+ Kb8 19. Nb3 h6 20. Be3 Be7 21. g3 b6 22. Bd4 Kb7 23. a3 a5 24. Rd3 Rhd8 25. Rcd1 a4 26. Nc1 Rc8 27. Rf3 Bc5 28. Bxc5 Rxc5 29. Nd3 Rc4 30. Rd2 g5 31. h3 h5 32. Nb4 Re4+ 33. Re3 Rxe3+ 34. fxe3 b5 35. Nxd5 exd5 36. Kd3 Kb6 37. Kd4 b4 38. Rc2 b3 39. Rc8 Kb5 40. Rb8+ Ka5 41. Rc8 Kb5 42. h4 g4 43. Rb8+ Ka5 44. Rh8 Kb5 45. Rh7 Rc7 46. Kxd5 Rd7+ 47. Ke4 f5+ 48. exf6 Rxh7 49. Kf5 Rc7 50. Kg6 Kc4 51. f7 Rxf7 52. Kxf7 Kd3 53. Kg6 Kc2 54. Kxh5 Kxb2 55. Kxg4 Kxa3 56. h5 b2 57. h6 b1Q 0-1

[Event "ISR-chT"]
[Site "Israel"]
[Date "1998.05.15"]
[Round "10"]
[White "Tsesarsky, Ilya"]
[Black "Avrukh, Boris"]
[Result "0-1"]
[WhiteElo "2425"]
[BlackElo "2525"]
[PlyCount "86"]
[EventDate "1998.01.15"]
[EventType "team-tourn"]
[EventRounds "10"]
[EventCountry "ISR"]
[SourceTitle "CBM 065"]
[Source "ChessBase"]
[SourceDate "1998.08.06"]
[SourceVersion "1"]
[SourceVersionDate "1998.08.06"]
[SourceQuality "1"]

1. d4 Nf6 2. c4 g6 3. Nc3 d5 4. cxd5 Nxd5 5. Na4 Bg7 6. e4 Nb4 7. a3 N4c6 8. d5 Ne5 9. f4 Ng4 10. Be2 Nf6 11. Nc3 e6 12. Be3 0-0 13. Nf3 Qe7 14. e5 Nxd5 15. Nxd5 exd5 16. Qxd5 Rd8 17. Qb3 c5 18. Bc4 Nc6 19. Ng5 Rf8 20. Bd5 Nd4 21. Bxd4 cxd4 22. 0-0 Bf5 23. Rad1 d3 24. Ne4 Bg4 25. Rd2 Be2 26. Rc1 Rab8 27. Bc4 g5 28. fxg5 Qxe5 29. Bxd3 Qd4+ 30. Kh1 Bxd3 31. Qxd3 Qxd3 32. Rxd3 Bxb2 33. Rcd1 Kg7 34. h4 Be5 35. Nc5 Rfe8 36. Rd7 Rbc8 37. Nxb7 Rc4 38. g3 Bxg3 39. R1d4 Rc2 40. Rd2 Rxd2 41. Rxd2 Bxh4 42. Rd7 Bxg5 43. Nd6 Rd8 0-1

[Event "ISR-chT"]
[Site "Israel"]
[Date "1998.02.19"]
[Round "?"]
[White "Tsesarsky, Ilya"]
[Black "Goldin, Alexander"]
[Result "1-0"]
[WhiteElo "2425"]
[BlackElo "2590"]
[PlyCount "77"]
[EventDate "1998.01.15"]
[EventType "team-tourn"]
[EventRounds "10"]
[EventCountry "ISR"]
[SourceTitle "CBM 063"]
[Source "ChessBase"]
[SourceDate "1998.03.26"]
[SourceVersion "1"]
[SourceVersionDate "1998.03.26"]
[SourceQuality "1"]

1. Nf3 Nf6 2. c4 e6 3. Nc3 Bb4 4. g3 b6 5. Bg2 Bb7 6. 0-0 0-0 7. Qc2 d5 8. cxd5 exd5 9. d4 Nbd7 10. Bf4 c6 11. a3 Bxc3 12. bxc3 Re8 13. Rfe1 c5 14. Ne5 Nxe5 15. dxe5 Nd7 16. c4 Nxe5 17. cxd5 Qd6 18. e4 Rac8 19. Bxe5 Qxe5 20. f4 Qd4+ 21. Qf2 Qxf2+ 22. Kxf2 Rcd8 23. Rad1 f6 24. a4 Kf8 25. Re3 g6 26. Bf3 Re7 27. e5 Ree8 28. g4 Kg7 29. g5 fxg5 30. fxg5 c4 31. e6 Rd6 32. Kg3 Rf8 33. Rd4 Ba6 34. Rf4 b5 35. axb5 Bxb5 36. Rxf8 Kxf8 37. Kf4 Ke7 38. Ke5 Ba6 39. Be4 1-0

[Event "Petah Tikva Liberman"]
[Site "Petah Tikva"]
[Date "1998.01.20"]
[Round "9"]
[White "Krayz, Alexander"]
[Black "Tsesarsky, Ilya"]
[Result "0-1"]
[WhiteElo "2375"]
[BlackElo "2425"]
[PlyCount "144"]
[EventDate "1998.??.??"]
[EventType "swiss"]
[EventRounds "9"]
[EventCountry "ISR"]
[SourceTitle "CBM 063"]
[Source "ChessBase"]
[SourceDate "1998.03.26"]
[SourceVersion "1"]
[SourceVersionDate "1998.03.26"]
[SourceQuality "1"]

1. e4 c5 2. Nf3 Nc6 3. Bb5 e6 4. 0-0 Nge7 5. b3 Ng6 6. Bb2 Qc7 7. Re1 f6 8. Bf1 Be7 9. c4 0-0 10. Nc3 Nge5 11. Nb5 Qb6 12. d3 a6 13. Na3 Qa7 14. Nc2 b5 15. Nd2 bxc4 16. bxc4 Rb8 17. Bc3 d6 18. f4 Nd7 19. g3 Nb6 20. Ne3 Nd4 21. Rb1 Bd7 22. Ba1 f5 23. exf5 exf5 24. Bg2 Bf6 25. Nb3 Ba4 26. Qd2 Bxb3 27. axb3 a5 28. Nc2 Nd7 29. Nxd4 cxd4 30. Bd5+ Kh8 31. Qf2 Qc5 32. h3 Rbe8 33. Be6 Nb8 34. Bb2 Re7 35. Ra1 Na6 36. Ba3 Nb4 37. Bxb4 axb4 38. Qf3 g6 39. Ra8 Kg7 40. g4 fxg4 41. hxg4 Ra7 42. Rxf8 Kxf8 43. g5 Bd8 44. Qh3 Qc7 45. f5 Bxg5 46. fxg6 Be3+ 47. Kh1 hxg6 48. Rf1+ Kg7 49. Rf7+ Qxf7 50. Bxf7 Rxf7 51. Qe6 Rf1+ 52. Kg2 Rf2+ 53. Kg3 g5 54. Qd7+ Rf7 55. Qb5 Bd2 56. Qb6 Be3 57. Qxb4 Rf1 58. Qb7+ Kh6 59. Qd5 Kh5 60. Qe4 Rg1+ 61. Kh2 Rb1 62. Qe8+ Kg4 63. Qe6+ Kf3 64. Qe4+ Ke2 65. Qg4+ Kd2 66. Qe6 Rb2 67. Kg3 Kxd3 68. Qf5+ Kc3 69. c5 dxc5 70. Qxc5+ Kxb3 71. Qb5+ Kc3 72. Qc5+ Kd2 0-1